Vocab Espagnol 3 - Turismo - Statistiques

Statistiques générales
  • Ce quiz a été pris 23 fois
  • Le résultat moyen est 7 sur 29
Statistiques - réponses
Hint Réponse % Correct
Cancelar Annuler
59%
Zona virgen Zone vierge
59%
Bosque foret
53%
El destino La destination
41%
Recursos naturales Les ressources naturelles
41%
Paseo la promenade
35%
Irse de vacaciones Partir en vacances
35%
Descansar Se reposer
35%
De masa De masse
29%
Dar la vuelta al mundo Faire le tour du monde
29%
Temporada Baja Basse saison
24%
Hacer senderismo Faire de la randonnée
24%
Recursos culturales Ressources culturelles
24%
Turismo de naturaleza Tourisme Nature
24%
Gastar Dépenser
18%
Duracion de estancia Durée du séjour
18%
Medio ambiante l'environnement
18%
Producto sostenible Le produit durable
18%
La Estancia Le séjour
18%
Excursionismo Randonnée
18%
Vacaciones pagadas Congés payés
12%
El Ocio Le loisir
12%
Las Instalaciones Les équipements
12%
Sendero Sentier
12%
Oleada Vague
12%
De sol y playa De mer et soleil
6%
Parque de diversiones Parc de loisirs
6%
Turismo de la fauna silvestre Tourisme Faunique
6%
Viaje de placer Voyage de plaisance
6%
Aucun quiz correspondant
Distribution des résultats
% des personnes avec chaque résultat
Percentile par nombre de réponses
Votre historique - résultats
Vous n’avez pas pris ce quiz